| 000 | 00465nam a2200181Ia 4500 | ||
|---|---|---|---|
| 001 | 9488 | ||
| 003 | GE_BSU | ||
| 008 | 181216s||||||||xx |||||||||||||| ||und|| | ||
| 040 | _cGE_BSU | ||
| 245 | _aВрач. №2. 2014.февраль | ||
| 245 | _cГл.ред.Денисов И.Н. | ||
| 260 | _aМосква | ||
| 260 | _bРусский врач | ||
| 260 | _c2014 | ||
| 300 | _a88стр.29см. | ||
| 653 | _aВрач. №2. 2014.февраль | ||
| 942 | _cCR | ||
| 999 |
_c42782 _d42782 |
||